000
00384nam a22001577a 4500
003
MPLRDC
005
20220104144506.0
008
210129b ||||| |||| 00| 0 eng d
082
_a
859.5 RMSJ c.2
100
_a
不详
245
_a
八仙传奇故事
_c
260
_a
_b
人民书局有限公司
_c
300
_b
平
650
_a
儿童故事; 神话
942
_c
BK
_o
859.5 RMSJ c.2
999
_c
50138
_d
50128